Detalles MARC
| 000 -CABECERA |
| campo de control de longitud fija |
00993nam a2200205 a 4500 |
| 001 - NÚMERO DE CONTROL |
| campo de control |
000015442 |
| 005 - FECHA Y HORA DE LA ÚLTIMA TRANSACCIÓN |
| campo de control |
20200929164037.0 |
| 008 - DATOS DE LONGITUD FIJA--INFORMACIÓN GENERAL |
| campo de control de longitud fija |
970619s1991 sp ab b 100 0 spa d |
| 020 ## - NÚMERO INTERNACIONAL ESTÁNDAR DEL LIBRO |
| Número Internacional Estándar del Libro |
8477901082 |
| 040 ## - FUENTE DE LA CATALOGACIÓN |
| Centro catalogador/agencia de origen |
DO-SdBNP |
| Lengua de catalogación |
spa |
| Centro/agencia transcriptor |
BNPHU |
| 082 ## - NÚMERO DE LA CLASIFICACIÓN DECIMAL DEWEY |
| Número de clasificación |
xxxx |
| Número de documento/Ítem |
S471s |
| 111 2# - ENTRADA PRINCIPAL--NOMBRE DE CONGRESO/REUNIÓN |
| Nombre de congreso/reunión o jurisdicción como elemento de entrada |
Seminario sobre Antiguas obras hidráulicas en America |
| Fecha del congreso/reunión |
(1993 abril 25-28 : |
| Sede del congreso/Lugar de la reunión |
México) |
| 9 (RLIN) |
34863 |
| 245 10 - MENCIÓN DE TÍTULO |
| Título |
Antiguas obras hidráulicas en America : |
| Resto del título |
actas del seminario Mexico, 1988. |
| 260 ## - PUBLICACIÓN, DISTRIBUCIÓN, ETC. |
| Lugar de publicación, distribución, etc. |
Madrid : |
| Nombre del editor, distribuidor, etc. |
CEDEX, Centro de Estudios y Experimentación de Obras Públicas : |
| -- |
Centro de Estudios Históricos de Obras Públicas y Urbanísmo, Ministerio de Obras Públicas y Transportes, |
| Fecha de publicación, distribución, etc. |
1991. |
| 300 ## - DESCRIPCIÓN FÍSICA |
| Extensión |
548 p. : |
| Otras características físicas |
ils., maps ; |
| Dimensiones |
30 cm. |
| 504 ## - NOTA DE BIBLIOGRAFÍA, ETC. |
| Nota de bibliografía, etc. |
Incluye referencias bibliográficas y notas al pie de las páginas |
| 590 ## - NOTA LOCAL (RLIN) |
| Nota local |
Inventariado, 2019/VM |
| 710 2# - PUNTO DE ACCESO ADICIONAL--NOMBRE DE ENTIDAD CORPORATIVA |
| Nombre de entidad corporativa o nombre de jurisdicción como elemento de entrada |
Centro de Estudios y Experimentación de Obras Públicas |
| 9 (RLIN) |
34864 |
| 710 2# - PUNTO DE ACCESO ADICIONAL--NOMBRE DE ENTIDAD CORPORATIVA |
| Nombre de entidad corporativa o nombre de jurisdicción como elemento de entrada |
Centro de Estudios Históricos de Obras Pública y Urbanismo |
| 9 (RLIN) |
34865 |